LEADER 01084nam a2200229 i 4500 001 000000071790 003 CaOOAMICUS 005 20220506143250.0 008 070323s1930 it u000 u lat u 013 $a42962 040 $aSeMil$bita 100 1 $aJoćo : de Santo Thomaz .$0(OLS)http://semarc/name/532 245 10$aArs logica seu De forma et materia ratiocinandi. 260 $aTaurini :$bEx officina domus editorialis Marietti,$c1930. 300 $aXXVI, 839 p. ;$c28 cm. 773 0 $aJoćo : de Santo Thomaz $tCursus Philosophicus Thomisticus secundum exactam, veram, genuinam Aristotelis et Doctoris Angelici mentem.$dTaurini : Ex officina domus editorialis Marietti $g[1$w()673 850 $aSeMil 852 $aSeMil$W1$xVenegono$y1$m2P VI 2$j37943$B37943$CSeMilBibl$Z2$F37946 $81 961 $aRecupero: Altro 996 $6245$aArs logica seu De forma et materia ratiocinandi$9(OLS)http://semarc/title/115581 996 $6260$aTaurini :$bEx officina domus editorialis Marietti$9(OLS)http://semarc/publisher/29954 LEADER 01246nam a2200277 i 4500 001 000000201320 003 CaOOAMICUS 005 20110426000000.0 008 110426s2011 it u000 u ita u 013 $a180021 020 $a978-88-10-20356-9 040 $aSeMil$bita 100 1 $aBorsato, Battista <1938->.$0(OLS)http://semarc/name/31629 245 13$aIl sapore della fede :$baccendere il desiderio /$cBattista Borsato ; prefazione di Luigi Accattoli. 260 $aBologna :$bEDB,$c2011. 300 $a152 p. ;$c22 cm. 490 0 $aFede e annuncio : per un aggiornamento teologico e pastorale della predicazione ;$v58 650 4$aFede - Atteggiamento [dei] Cattolici.$0(OLS)http://semarc/subject/9578 700 1 $aAccattoli, Luigi,$d<1943- >.$0(OLS)http://semarc/name/24191 830 0$aFede e annuncio ;$v58.$0(OLS)http://semarc/title/11026 850 $aSeMil 852 $aSeMil$W1$xVenegono$y1$m2D II 407$j151846$B151846$CSeMilBibl$Z2$F164842 $81 961 $aOmaggio: Bressan don Luca 996 $6020$a978-88-10-20356-9$9(OLS)http://semarc/number/193976 996 $6245$aIl sapore della fede :$baccendere il desiderio$9(OLS)http://semarc/title/291312 996 $6260$aBologna :$bEDB$9(OLS)http://semarc/publisher/29669